000 nam a22 7a 4500
999 _c7226
_d7226
008 170731b xxu||||| |||| 00| 0 eng d
100 _93802
_aFortune
245 _aEncyclopedia of Scientists and Inventions
260 _aNew delhi
_bAnmol publications
_c2006